[Event "Bad Wiessee Seniors op"]
[Site "Bad Wiessee"]
[Date "2012.04.26"]
[Round "6"]
[White "Pasedag, Peter"]
[Black "Schneider, Johannes1111"]
[Result "1-0"]
[WhiteElo "2097"]
[BlackElo "1906"]
[PlyCount "79"]
[EventDate "2012.04.21"]
[EventType "swiss"]
[EventRounds "9"]
[EventCountry "GER"]
[SourceTitle "EXT 2015"]
[Source "ChessBase"]
[SourceDate "2014.11.20"]
[SourceVersion "1"]
[SourceVersionDate "2014.11.20"]
[SourceQuality "1"]

1. e4 c5 2. Nc3 e6 3. f4 Qc7 4. d3 Nc6 5. Be3 a6 6. g4 Nge7 7. Bg2 b6 8. e5 Bb7 9. Qf3 Nd5 10. Nxd5 exd5 11. Qe2 d4 12. Bf2 Nb4 13. Be4 Be7 14. a3 Nc6 15. Nf3 Nd8 16. 0-0 Bxe4 17. dxe4 Ne6 18. Bg3 Qc6 19. f5 Ng5 20. Nd2 h6 21. h4 Nh7 22. Rae1 g5 23. h5 b5 24. Rf3 Nf8 25. a4 Bd8 26. Ra1 b4 27. Nc4 Bc7 28. a5 Rh7 29. c3 dxc3 30. bxc3 f6 31. exf6 Bxg3 32. Rxg3 Qxf6 33. e5 Qc6 34. Rd1 Re7 35. Rd6 Qa4 36. Nb6 Qa1+ 37. Rd1 Qxa5 38. Nxa8 b3 39. Re3 Kd8 40. Qc4 1-0

[Event "Mittelfranken-chTB1 1112"]
[Site "Germany"]
[Date "2012.02.26"]
[Round "7.4"]
[White "Nuding, Matthias"]
[Black "Pasedag, Peter"]
[Result "1-0"]
[WhiteElo "2100"]
[BlackElo "2116"]
[PlyCount "160"]
[EventDate "2011.09.25"]
[EventType "team-tourn"]
[EventRounds "9"]
[EventCountry "GER"]
[SourceTitle "EXT 2018"]
[Source "ChessBase"]
[SourceDate "2017.10.13"]
[SourceVersion "1"]
[SourceVersionDate "2017.10.13"]
[SourceQuality "1"]
[WhiteTeam "Nuernberg NT III"]
[BlackTeam "Fuerth SF"]
[WhiteTeamCountry "GER"]
[BlackTeamCountry "GER"]

1. e4 d5 2. exd5 Qxd5 3. Nc3 Qd6 4. d4 Nf6 5. Nf3 c6 6. Be2 Bg4 7. 0-0 e6 8. Be3 Nbd7 9. Rb1 Qc7 10. Qd2 Bd6 11. h3 Bh5 12. Ng5 Bg6 13. Bd3 Bxd3 14. Qxd3 h6 15. Nge4 Be7 16. Nxf6+ Nxf6 17. Ne4 0-0 18. Nxf6+ Bxf6 19. Qe4 Rfd8 20. Rfd1 Qa5 21. a3 Qd5 22. Qd3 b5 23. Qc3 a5 24. Rd3 a4 25. Rbd1 Qe4 26. Qc5 Qd5 27. Qxd5 Rxd5 28. Kf1 Kf8 29. Ke2 Ke8 30. c3 Kd7 31. Bf4 Be7 32. Re3 g5 33. Bg3 Rd8 34. Re5 Rxe5+ 35. dxe5+ Kc8 36. Rxd8+ Kxd8 37. Kf3 h5 38. Ke4 Kc7 39. f3 Bc5 40. Be1 Kb6 41. Bd2 Be7 42. Be3+ Kc7 43. f4 gxf4 44. Kxf4 Kd7 45. g4 hxg4 46. Kxg4 f6 47. exf6 Bxf6 48. Bg5 Bh8 49. Kf4 Ke8 50. Ke4 Kf7 51. Bf4 Bf6 52. Be5 Bh4 53. c4 Kg6 54. cxb5 cxb5 55. Bc3 Bg3 56. Kf3 Bd6 57. Kg4 Bf8 58. h4 Bh6 59. h5+ Kf7 60. Kf3 Ke7 61. Ke4 Kd6 62. Bd4 Bc1 63. Bg7 Ke7 64. Be5 Kd7 65. Kd3 Bh6 66. Bc3 Kd6 67. Bd2 Bg7 68. h6 Bh8 69. Bc3 e5 70. Ke4 Ke6 71. h7 Bf6 72. Kf3 Kf5 73. Kg3 Bh8 74. Kh4 Bf6+ 75. Kh5 Bg7 76. Bb4 Kf6 77. Bf8 Bh8 78. Bh6 Kf5 79. Bd2 Bg7 80. Bg5 e4 1-0

[Event "Mittelfranken-chTB1 1112"]
[Site "Germany"]
[Date "2012.02.05"]
[Round "6.3"]
[White "Lenz, Harald"]
[Black "Pasedag, Peter"]
[Result "0-1"]
[WhiteElo "1795"]
[BlackElo "2134"]
[PlyCount "64"]
[EventDate "2011.09.25"]
[EventType "team-tourn"]
[EventRounds "9"]
[EventCountry "GER"]
[SourceTitle "EXT 2013"]
[Source "ChessBase"]
[SourceDate "2012.11.22"]
[SourceVersion "1"]
[SourceVersionDate "2012.11.22"]
[SourceQuality "1"]
[WhiteTeam "Nuernberg NT IV"]
[BlackTeam "Fuerth"]
[WhiteTeamCountry "GER"]
[BlackTeamCountry "GER"]

1. d4 d5 2. g3 Nf6 3. Bg2 Bf5 4. Nf3 e6 5. Bg5 Be7 6. 0-0 h6 7. Bxf6 Bxf6 8. c3 0-0 9. Nbd2 Bh7 10. Qb3 Qc8 11. Rfe1 a5 12. e4 a4 13. Qd1 c6 14. a3 Nd7 15. Rc1 Qd8 16. e5 Be7 17. Nf1 Qb6 18. Qd2 c5 19. Ne3 Rfd8 20. h4 Qa5 21. Re2 b5 22. dxc5 Bxc5 23. Nc2 Nb6 24. Ncd4 Nc4 25. Qd1 Qb6 26. g4 Rac8 27. h5 Be4 28. Ne1 Nxe5 29. Bxe4 dxe4 30. Rxe4 Nc4 31. Nd3 e5 32. Nf3 Nxb2 0-1

[Event "Mittelfranken-chTB1 0910"]
[Site "Mittelfranken"]
[Date "2010.02.21"]
[Round "7.3"]
[White "Konsek, Peter"]
[Black "Pasedag, Peter"]
[Result "1-0"]
[WhiteElo "2017"]
[BlackElo "2139"]
[PlyCount "62"]
[EventDate "2009.10.11"]
[EventType "team-tourn"]
[EventRounds "9"]
[EventCountry "GER"]
[SourceTitle "EXT 2011"]
[Source "ChessBase"]
[SourceDate "2010.11.26"]
[SourceVersion "1"]
[SourceVersionDate "2010.11.26"]
[SourceQuality "1"]
[WhiteTeam "Nuernberg Sued SW II"]
[BlackTeam "Fuerth SF"]
[WhiteTeamCountry "GER"]
[BlackTeamCountry "GER"]

1. e4 c5 2. Nc3 Nc6 3. g3 g6 4. Bg2 Bg7 5. d3 d6 6. Be3 e5 7. f4 Nge7 8. Nf3 Nd4 9. 0-0 0-0 10. fxe5 dxe5 11. Nh4 Be6 12. Qd2 Qd7 13. Rf2 Rac8 14. Bh6 c4 15. Bxg7 Kxg7 16. dxc4 Bxc4 17. Nd1 Rfd8 18. Qa5 Qb5 19. Qa3 Nec6 20. b3 Be6 21. Bf1 Qb6 22. Qc1 f6 23. c4 Nb4 24. Ne3 a5 25. Qc3 g5 26. Nhf5+ Bxf5 27. exf5 Nb5 28. Qe1 Na3 29. Rd1 Rxd1 30. Nxd1 Nac2 31. Nc3 Nxe1 1-0

[Event "Regionalliga NO 0607"]
[Site "Bayern"]
[Date "2007.02.04"]
[Round "5.2"]
[White "Pasedag, Peter"]
[Black "Seyb, Alexander"]
[Result "1/2-1/2"]
[WhiteElo "2156"]
[BlackElo "2085"]
[PlyCount "56"]
[EventDate "2006.10.15"]
[EventType "team-tourn"]
[EventRounds "9"]
[EventCountry "GER"]
[SourceTitle "EXT 2008"]
[Source "ChessBase"]
[SourceDate "2007.11.25"]
[SourceVersion "1"]
[SourceVersionDate "2007.11.25"]
[SourceQuality "1"]
[WhiteTeam "Postbauer Heng"]
[BlackTeam "Grieseebach"]
[WhiteTeamCountry "GER"]
[BlackTeamCountry "GER"]

1. e4 c5 2. c4 e6 3. Nc3 d6 4. g3 Nc6 5. Nge2 Ne5 6. Ng1 h5 7. h3 Nc6 8. Bg2 g6 9. Nge2 Bg7 10. d3 Nge7 11. Bg5 a6 12. 0-0 Rb8 13. a4 Qc7 14. Rb1 b6 15. Qd2 Nd4 16. b4 f6 17. Be3 h4 18. g4 f5 19. f3 Bd7 20. b5 a5 21. Bg5 Bc8 22. Nf4 Kf7 23. Rbe1 Be5 24. Nd1 Bxf4 25. Qxf4 e5 26. Qd2 f4 27. Qf2 Ne6 28. Bxe7 Qxe7 1/2-1/2

[Event "Mittelfranken-chT 0405"]
[Site "Germany"]
[Date "2005.04.03"]
[Round "8.1"]
[White "Liepold, Stefan"]
[Black "Pasedag, Peter"]
[Result "1-0"]
[WhiteElo "2203"]
[BlackElo "2176"]
[PlyCount "89"]
[EventDate "2004.10.17"]
[EventType "team"]
[EventRounds "9"]
[EventCountry "GER"]
[SourceTitle "EXT 2007"]
[Source "ChessBase"]
[SourceDate "2006.11.23"]
[SourceVersion "1"]
[SourceVersionDate "2006.11.23"]
[SourceQuality "1"]

1. e4 c5 2. Nf3 e6 3. d4 cxd4 4. Nxd4 a6 5. Bd3 Nf6 6. 0-0 d6 7. Nc3 Nbd7 8. f4 b5 9. a4 b4 10. Na2 Bb7 11. Kh1 Nxe4 12. Nxb4 Ndc5 13. Qe1 d5 14. Nbc6 Bxc6 15. Nxc6 Qb6 16. Ne5 Bd6 17. Nc4 Qc6 18. Nxd6+ Nxd6 19. f5 0-0 20. f6 Nxd3 21. cxd3 Nf5 22. fxg7 Rfc8 23. g4 d4+ 24. Kg1 Ne3 25. Bxe3 dxe3 26. Qxe3 Qc5 27. Qxc5 Rxc5 28. Rac1 Rac8 29. Rxc5 Rxc5 30. b4 Rc3 31. Rb1 Rxd3 32. b5 axb5 33. axb5 Rd8 34. Kf2 Kxg7 35. Ke3 Kf6 36. h4 Ke5 37. b6 f5 38. Rb5+ Kf6 39. gxf5 exf5 40. b7 Rb8 41. Kf4 Kg6 42. Rb1 h6 43. Rb4 Kh5 44. Kxf5 Rxb7 45. Rxb7 1-0

[Event "Mittelfranken-chT 0405"]
[Site "Germany"]
[Date "2004.12.19"]
[Round "4.1"]
[White "Schroll, Ralph"]
[Black "Pasedag, Peter"]
[Result "1-0"]
[WhiteElo "2197"]
[BlackElo "2176"]
[PlyCount "93"]
[EventDate "2004.10.17"]
[EventType "team"]
[EventRounds "9"]
[EventCountry "GER"]
[SourceTitle "EXT 2007"]
[Source "ChessBase"]
[SourceDate "2006.11.23"]
[SourceVersion "1"]
[SourceVersionDate "2006.11.23"]
[SourceQuality "1"]

1. d4 f5 2. c4 d6 3. Nf3 Nf6 4. Nc3 g6 5. e3 Bg7 6. Bd3 0-0 7. 0-0 Nc6 8. e4 fxe4 9. Nxe4 Bg4 10. Be3 e5 11. d5 Nxe4 12. Bxe4 Ne7 13. Qd3 Bxf3 14. Bxf3 b6 15. Be4 Nf5 16. Bd2 a5 17. Rae1 Qd7 18. b3 Rae8 19. Qh3 Rf7 20. a3 Ref8 21. b4 axb4 22. axb4 Ra8 23. Ra1 Ra4 24. Ra3 Rxa3 25. Qxa3 Nd4 26. Re1 Qg4 27. f3 Qh4 28. Qe3 Qd8 29. Ra1 Qf8 30. Ra7 Qe7 31. Qg5 Bf6 32. Qg4 Kg7 33. g3 Qd7 34. Qxd7 Rxd7 35. Kg2 Rf7 36. Ra8 Rf8 37. Bh6+ Kxh6 38. Rxf8 Bg5 39. Rf7 Bd2 40. b5 Be3 41. Rxc7 Nb3 42. h4 Nd2 43. g4 Nxe4 44. fxe4 g5 45. h5 Bg1 46. Rc6 Bc5 47. Rxc5 1-0

[Event "Landesliga Nord 9899"]
[Site "Bayern"]
[Date "1998.11.15"]
[Round "3.8"]
[White "Pasedag, Peter"]
[Black "Obermeier, Daniel"]
[Result "1/2-1/2"]
[WhiteElo "2165"]
[BlackElo "1945"]
[PlyCount "141"]
[EventDate "1998.10.11"]
[EventType "team-tourn"]
[EventRounds "9"]
[EventCountry "GER"]
[SourceTitle "EXT 2020"]
[Source "ChessBase"]
[SourceDate "2019.10.17"]
[SourceVersion "1"]
[SourceVersionDate "2019.10.17"]
[SourceQuality "1"]
[WhiteTeam "Fuerth SF"]
[BlackTeam "Neutraubling"]
[WhiteTeamCountry "GER"]
[BlackTeamCountry "GER"]

1. Nc3 d5 2. e4 dxe4 3. Nxe4 g6 4. Bc4 Bg7 5. h4 Nc6 6. h5 Ne5 7. Bb3 Bf5 8. Ng3 Qd7 9. d4 Rd8 10. Be3 Ng4 11. Qf3 c6 12. 0-0-0 N8f6 13. h6 Bf8 14. Qe2 Nxe3 15. fxe3 Ng4 16. Nxf5 gxf5 17. Nf3 Qc7 18. Kb1 Rg8 19. d5 Rg6 20. dxc6 Rxd1+ 21. Rxd1 bxc6 22. Nd4 Bxh6 23. Nxf5 Qe5 24. Nxh6 Nxh6 25. Qd3 Rd6 26. Qe2 Qxe3 27. Qf1 Qf2 28. Qh1 Qxg2 29. Qe1 Rxd1+ 30. Qxd1 Nf5 31. a3 Nd6 32. Qh5 Qg6 33. Qc5 Nc8 34. Ba4 Kd7 35. b4 Qd6 36. Qf5+ Kc7 37. Qxf7 Qd1+ 38. Kb2 h5 39. Qe8 Qd5 40. Bb3 Qe5+ 41. Ka2 h4 42. Qg8 Nb6 43. Qg4 Qg3 44. Qe6 Qg5 45. a4 Nd5 46. b5 Nb4+ 47. Ka3 Qc5 48. Kb2 Qd4+ 49. c3 Nd3+ 50. Kc2 Qc5 51. Kxd3 cxb5 52. axb5 Qxb5+ 53. Kc2 Qc5 54. Bd5 h3 55. c4 h2 56. Qe5+ Qd6 57. Qe4 Qc5 58. Qf4+ Qd6 59. Qf3 Qg6+ 60. Kd2 Qg5+ 61. Ke2 Qe5+ 62. Kf1 Qa1+ 63. Kf2 Qd4+ 64. Kg2 Qg1+ 65. Kh3 h1Q+ 66. Qxh1 Qxh1+ 67. Bxh1 a5 68. Kg4 a4 69. Be4 Kd6 70. Kf4 Kc5 71. Bb1 1/2-1/2

[Event "Landesliga Nord 9798"]
[Site "Bayern"]
[Date "1998.??.??"]
[Round "?.5"]
[White "Pasedag, Peter"]
[Black "Fiedler, Wolfgang"]
[Result "1-0"]
[WhiteElo "2175"]
[BlackElo "1999"]
[PlyCount "53"]
[EventDate "1997.10.19"]
[EventType "team-tourn"]
[EventRounds "9"]
[EventCountry "GER"]
[SourceTitle "EXT 2020"]
[Source "ChessBase"]
[SourceDate "2019.10.17"]
[SourceVersion "1"]
[SourceVersionDate "2019.10.17"]
[SourceQuality "1"]
[WhiteTeam "Fuerth SF"]
[BlackTeam "Bamberg SC II"]
[WhiteTeamCountry "GER"]
[BlackTeamCountry "GER"]

1. e4 c5 2. Nc3 Nc6 3. f4 g6 4. Nf3 Bg7 5. Bb5 a6 6. Bxc6 bxc6 7. d3 d5 8. e5 Bg4 9. 0-0 e6 10. Na4 Bf8 11. h3 Bxf3 12. Qxf3 Rc8 13. b3 h5 14. c4 Nh6 15. Ba3 Qa5 16. g4 hxg4 17. hxg4 Qd8 18. Kg2 dxc4 19. dxc4 Rg8 20. Rad1 Qa5 21. Rd3 Be7 22. Rh1 Bf8 23. Rhd1 g5 24. f5 exf5 25. gxf5 Qc7 26. Rd7 Qxe5 27. Rd8+ 1-0

[Event "Landesliga Nord 9798"]
[Site "Bayern"]
[Date "1997.11.09"]
[Round "2.4"]
[White "Sterk, Joachim"]
[Black "Pasedag, Peter"]
[Result "0-1"]
[WhiteElo "2050"]
[BlackElo "2175"]
[PlyCount "64"]
[EventDate "1997.10.19"]
[EventType "team-tourn"]
[EventRounds "9"]
[EventCountry "GER"]
[SourceTitle "EXT 2020"]
[Source "ChessBase"]
[SourceDate "2019.10.17"]
[SourceVersion "1"]
[SourceVersionDate "2019.10.17"]
[SourceQuality "1"]
[WhiteTeam "Obernburg"]
[BlackTeam "Fuerth SF"]
[WhiteTeamCountry "GER"]
[BlackTeamCountry "GER"]

1. e4 c5 2. Nf3 e6 3. d4 cxd4 4. Nxd4 Nf6 5. Nc3 d6 6. Be2 Be7 7. 0-0 a6 8. f4 Qc7 9. Be3 0-0 10. Qe1 b5 11. a3 Bb7 12. Bf3 Nbd7 13. Qg3 Nc5 14. f5 e5 15. Bh6 Ne8 16. Nb3 Nxb3 17. f6 Bxf6 18. cxb3 Kh8 19. Be3 Qe7 20. Bg4 Nc7 21. Rad1 Ne6 22. Rf5 Bh4 23. Qh3 Bg5 24. Nd5 Bxd5 25. exd5 Bxe3+ 26. Qxe3 g6 27. Rxe5 dxe5 28. Qxe5+ f6 29. Qxe6 Qc5+ 30. Kh1 Rae8 31. Qc6 Qd4 32. Qc3 Qxg4 0-1

[Event "Regionalliga NO 9697"]
[Site "Bayern"]
[Date "1997.??.??"]
[Round "?"]
[White "Pasedag, Peter"]
[Black "Hepting, Heinrich"]
[Result "1-0"]
[WhiteElo "2330"]
[BlackElo "2120"]
[PlyCount "79"]
[EventDate "1996.10.??"]
[EventType "team-tourn"]
[EventRounds "9"]
[EventCountry "GER"]
[SourceTitle "EXT 1999"]
[Source "ChessBase"]
[SourceDate "1998.11.16"]
[SourceVersion "1"]
[SourceVersionDate "1998.11.16"]
[SourceQuality "1"]
[WhiteTeam "Fuerth SF"]
[BlackTeam "Schwanstetten"]
[WhiteTeamCountry "GER"]
[BlackTeamCountry "GER"]

1. e4 Nc6 2. d4 d5 3. Nc3 Nf6 4. e5 Nd7 5. f4 Nb6 6. Nf3 Bg4 7. Be3 h5 8. a3 e6 9. Bd3 g6 10. 0-0 Ne7 11. Bf2 Nf5 12. Qe2 h4 13. Nd1 Bh6 14. Be3 Qe7 15. c3 0-0-0 16. a4 Rdg8 17. Nf2 Bh5 18. Nh3 Bg4 19. Nhg5 Rg7 20. b4 Bxg5 21. fxg5 Nxe3 22. Qxe3 Rh5 23. a5 Nd7 24. b5 Bxf3 25. Rxf3 Rxg5 26. b6 cxb6 27. axb6 Nxb6 28. Rxa7 Kb8 29. Ra5 Rh5 30. Qc1 Rh8 31. Qb2 Qc7 32. Qa3 Rc8 33. Rc5 Qe7 34. Bb5 Rxc5 35. dxc5 Nc8 36. Rf2 b6 37. c4 Qxc5 38. Qf3 Rh7 39. Qf6 dxc4 40. Ba6 1-0

[Event "Landesliga Nord 9798"]
[Site "Bayern"]
[Date "1997.??.??"]
[Round "?.5"]
[White "Salac, Jiri"]
[Black "Pasedag, Peter"]
[Result "1/2-1/2"]
[WhiteElo "2120"]
[BlackElo "2175"]
[PlyCount "89"]
[EventDate "1997.10.19"]
[EventType "team-tourn"]
[EventRounds "9"]
[EventCountry "GER"]
[SourceTitle "EXT 2020"]
[Source "ChessBase"]
[SourceDate "2019.10.17"]
[SourceVersion "1"]
[SourceVersionDate "2019.10.17"]
[SourceQuality "1"]
[WhiteTeam "Erlangen TB"]
[BlackTeam "Fuerth SF"]
[WhiteTeamCountry "GER"]
[BlackTeamCountry "GER"]

1. d4 Nf6 2. Bf4 d5 3. e3 Bg4 4. Nf3 Nbd7 5. c4 e6 6. Qb3 Bxf3 7. gxf3 Qc8 8. Nc3 c6 9. e4 dxc4 10. Bxc4 Be7 11. 0-0 0-0 12. Rac1 Nh5 13. Be3 Nb6 14. Bd3 Qb8 15. e5 Qd8 16. Qc2 g6 17. Ne4 Nd5 18. Qd2 Bb4 19. Qd1 Nhf4 20. Bb1 Qh4 21. Kh1 f5 22. exf6 Nxf6 23. Rg1 Nxe4 24. Bxe4 Bd6 25. Rc2 Rf7 26. Rg4 Qf6 27. Qg1 Kh8 28. Qf1 Rg8 29. Rc4 g5 30. Bxf4 Bxf4 31. Qh3 Rd8 32. Rg1 Bc7 33. Rc5 Bf4 34. Rc4 Bc7 35. Rc5 Bf4 36. Rc4 Re7 37. Re1 Rxd4 38. Rxd4 Qxd4 39. Bf5 Qxf2 40. Rxe6 Qc5 41. Rxe7 Qxe7 42. Be4 Qf7 43. b3 h5 44. Qc8+ Kg7 45. Qd8 1/2-1/2